| 000 | 00686 a2200229 4500 | ||
|---|---|---|---|
| 003 | Nust | ||
| 005 | 20221212114112.0 | ||
| 010 | _a 2011411325 | ||
| 020 | _a9780080966342 | ||
| 040 | _cNust | ||
| 082 | _a621.3822,BIS | ||
| 100 | 1 |
_aBishop, O. N. _9103636 |
|
| 245 | 1 | 0 |
_aElectronics : _bcircuits and systems / _cOwen Bishop. |
| 250 | _a4th ed. | ||
| 260 |
_aAmsterdam ; _aBoston : _bNewnes, _c2011. |
||
| 300 |
_aix, 370 p. : _bill. ; _c28 cm. |
||
| 505 | _aCircuits (Page-1), Systems (Page-215), Microelectronic systems (Page-295), Supplements (Page-353). | ||
| 650 | 0 | _aElectronic circuits | |
| 650 | 0 |
_aElectronic systems _960675 |
|
| 650 | 0 | _aElectronics | |
| 942 |
_2ddc _cBK |
||
| 999 |
_c189266 _d189266 |
||